000 01542nam a2200313 a 4500
001 BRCA_3037
005 20190320204059.0
008 210109s1768----fr-#---###---#000-0#fre-u
041 _afre
044 _afr
084 _a346
_b.L54
_c1768
100 1 _aCervantes Saavedra, Miguel de
_d1547-1616
_9213
245 1 0 _aHistoire de L´Admirable Don Quichotte de la Manche
_cMiguel de Cervantes Saavedra.
260 _aParís
_bLa compagnie des libraires
_c1768
300 _a6 v.
_c18 cm.
500 _aContenido : v 1. Primera parte. Dedicatoria. Advertencia del traductor. Prólogo del autor. Texto. -- v 2. Texto. -- v 3. Segunda parte. Texo. -- v 4. Texto. -- v 5. Primera parte de la continuación por el traductor. -- v 6. Segunda parte de la continuación por el traductor
500 _aEdición : Nouvelle edition revueé corrigée et augmentée
500 _aReproducción de la impresa en París en 1752, a cargo de los Libreros asociados, que contiene la traducción del prólogo a la primera parte. Piel; lomos adornados con dorados Lúdovik Osterc
500 _aQM128
546 _aTexto en : francés
650 1 4 _aNovela española
_yÉpoca clásica, 1500-1700
_9215
650 1 4 _aLiteratura española
_yÉpoca clásica, 1500-1700
_9216
650 1 4 _aNovela española
_ySiglo XVII
_9217
650 1 4 _aDon Quijote (Personaje ficticio)
_eNovela
_9218
700 1 _aSaint-Martin, Francois Filleau de
_d1632-1695
_eTraductor
_98341
740 0 _aEl Ingenioso Hidalgo Don Quijote de la Mancha
902 _aQFM
942 _2lcc
_cB
999 _c2773
_d2773